Statistiques concernant Culture Générale - Série 2303

Cliquez ici pour prendre le quiz!

Statistiques générales

  • Ce quiz a été pris 96 fois
  • Le résultat moyen est 3 sur 10

Statistiques - réponses

QuestionRéponse% Correct
Quel chanteur français (1934-1998) a interprété "Le sud" en 1975 ? prénom et nomNino Ferrer
81%
C'est un batracien ou un piano ?crapaud
69%
En 2004 quel pays a remporté le championnat d'Europe des nations de football ?Grèce
45%
De quelle île est originaire la ravenala ?Madagascar
37%
En 1992 quel pays a remporté le championnat d'Europe des nations de football ?Danemark
35%
Face avant (d'une pièce, d'une médaille) (opposé à revers, à pile)avers
25%
Ce mot désigne une jeune fille qu'on récompense pour sa réputation vertueuse lors d'une cérémonie dont l'origine remonte à 1896 ?rosière
20%
Quel anglicisme désigne un dispositif, le plus souvent métallique, maillé et tubulaire, glissé dans une cavité naturelle humaine (ou animale) pour la maintenir ouverte. Il s'agit le plus souvent, d'un support artériel .stent
15%
La ravenala est une plante tropicale appelée plus couramment "arbre du .... voir photovoyageur
14%
Quel est l'autre nom du requin-taupe ou requin saumon ? - 5 lettres commençant par " l " ?lamie
1%

Distribution des résultats

Percentile par nombre de réponses

% des personnes avec chaque résultat

Votre développement - résultats

Vous n’avez pas pris ce quiz